000 00661nam a22001937a 4500
005 20251108165532.0
008 250721s1979 xx 000 0 ara d
082 1 4 _aم/413.1/قدا
100 1 _aقدامة بن جعفر، أبو الفرج قدامة بن جعفر بن زياد البغدادي
245 1 0 _aجواهر الألفاظ /
264 1 _aبيروت :
_bدار الكتب العلمية،
_c1979.
300 _a452ص
650 1 7 _aاللغة العربية
650 1 7 _aالمترادفات
650 1 7 _aالقواميس
700 1 _aعبد الحميد، محمد محي الدين
_eتحقيق
942 _2ddc
_cREF
999 _c30196
_d30196